Perkin Warbeck / (Record no. 77626)
[ view plain ]
| 000 -LEADER | |
|---|---|
| fixed length control field | 00923cam a2200277 a 4500 |
| 001 - CONTROL NUMBER | |
| control field | 77626 |
| 003 - CONTROL NUMBER IDENTIFIER | |
| rucl marc code | BD-RjUL |
| 005 - DATE AND TIME OF LATEST TRANSACTION | |
| control field | 20211209083014.0 |
| 008 - FIXED-LENGTH DATA ELEMENTS--GENERAL INFORMATION | |
| fixed length control field | 201213r19661634enk 000 0beng u |
| 035 ## - SYSTEM CONTROL NUMBER | |
| System control number | (BD-RjUL)77852 |
| 040 ## - CATALOGING SOURCE | |
| Original cataloging agency | DLC |
| Transcribing agency | DLC |
| Modifying agency | m.c |
| Language of cataloging | eng |
| Description conventions | BD-RjUL |
| 041 ## - LANGUAGE CODE | |
| Language code of text/sound track or separate title | eng |
| 082 ## - DEWEY DECIMAL CLASSIFICATION NUMBER | |
| Edition number | 23 |
| Classification number | 822.3 |
| Author mark and year | FOP 1966 |
| 100 1# - MAIN ENTRY--PERSONAL NAME | |
| Personal name | Ford, John, |
| Dates associated with a name | 1586-approximately 1640. |
| 9 (RLIN) | 242516 |
| 245 10 - TITLE STATEMENT | |
| Title | Perkin Warbeck / |
| Statement of responsibility, etc. | John Ford ; edited by Donald K. Anderson |
| 260 ## - PUBLICATION, DISTRIBUTION, ETC. (IMPRINT) | |
| Place of publication, distribution, etc. | London : |
| Name of publisher, distributor, etc. | Edward Arnold, |
| Date of publication, distribution, etc. | 1966 |
| 300 ## - PHYSICAL DESCRIPTION | |
| Pagination | xx, 114 p. ; |
| Size | 21 cm |
| 500 ## - GENERAL NOTE | |
| General note | First published in 1634 under title: The chronicle historie of Perkin Warbeck |
| 600 10 - SUBJECT ADDED ENTRY--PERSONAL NAME | |
| Personal name | Warbeck, Perkin, |
| Dates associated with a name | 1474-1499 |
| General subdivision | Drama |
| 700 1# - ADDED ENTRY--PERSONAL NAME | |
| Personal name | Anderson, Donald K., |
| Dates associated with a name | 1922- |
| 830 #0 - SERIES ADDED ENTRY--UNIFORM TITLE | |
| Uniform title | Regents Renaissance drama series |
| 942 ## - ADDED ENTRY ELEMENTS (KOHA) | |
| Source of classification or shelving scheme | Dewey Decimal Classification |
| Koha item type | Books |
| Lost status | Source of classification or shelving scheme | Damaged status | Not for loan | Collection code | Permanent Location | Current Location | Shelving location | Date acquired | Source of acquisition | Cost, normal purchase price | Total Checkouts | Full call number | Date last seen | Copy number | Koha item type |
|---|---|---|---|---|---|---|---|---|---|---|---|---|---|---|---|
| Dewey Decimal Classification | Not For Loan | Non-fiction | Central Library, University of Rajshahi | Central Library, University of Rajshahi | Reading Room | 26/11/1969 | Zeitlinger | 0.00 | 822.3 FOP 1966 | 13/12/2020 | C-1 | Books |